Canciones con más reproducciones de Eladio Carrión - Estadísticas

Estadísticas generales
  • Esta prueba ha sido intentada 145 veces
  • La puntuación promedio es 8 de 20
Estadísticas de respuestas
Hint Respuesta % Correcto
SUCE BOYZ Kemba Walker
82%
3MEN2 KBRN Coco Chanel
81%
SEN2 KBRN 2 Mbappe
74%
SAUCE BOYZ 3 Am
62%
3MEN2 KBRN Si la calle llama - Remix
54%
SUCE BOYZ 2 Sin Frenos
47%
BZRP BZRP Music Sessions
42%
SUCE BOYZ 2 Flores en Anónimo
41%
SUCE BOYZ 2 Hola Como Vas
40%
Sol María Hey Lil Mama
35%
Monarca Todo o Nada
35%
SAUCE BOYZ 2 Me Gustas Natural
34%
SAUCE BOYZ 2 No Te Deseo el Mal
29%
SAUCE BOYZ Mi Error - Remix
28%
(feat) Sigue Bailándome
23%
(feat) Pensabas
16%
(feat) THUNDER Y LIGHTING
12%
(feat) Conexión
11%
(feat) North Carolina
8%
(feat) Tussi
4%
No se encontraron pruebas coincidentes
Distribución de puntuación
Porcentaje de gente con cada puntuación
Porcentaje por número respondido
Historial de tus puntuaciones
No has intentado esta prueba.